000 00432nam a2200169 4500
003 SEACOMEC
005 20240403150335.0
008 231005b |||||||| |||| 00| 0 eng d
020 _cRs. 145.00
040 _aSEACOMEC
082 _a004.16
_bR313
100 1 _aReddy, E. Srinivas
245 1 _aInterfacing through Microprocessors
_cE. Srinivas Reddy
260 _aChennai
_bScitech
_c2005
650 _aComputer Science
942 _cBOOK
999 _c94
_d94